Derechos intelectuales sobre las obras literarias y artísticas
Guardado en:
| Autores principales: | , |
|---|---|
| Formato: | Libro |
| Lenguaje: | español |
| Publicado: |
Buenos Aires
Guillermo Kraft
1948
|
| Materias: | |
| Etiquetas: |
Agregar Etiqueta
Sin Etiquetas, Sea el primero en etiquetar este registro!
|
MARC
| LEADER | 00000nam a2200000 a 4500 | ||
|---|---|---|---|
| 001 | UCT9502 | ||
| 003 | CL-VaPUC | ||
| 008 | 970404e19480000AG |||||||||||||||||spa|d | ||
| 082 | 0 | 4 | |a 346.048 |b MOU |2 21 |
| 100 | |a Mouchet, Carlos |e autor |9 403372 | ||
| 700 | 0 | |a Radaelli, Sigfrido A |e author |9 382276 | |
| 245 | 1 | 0 | |a Derechos intelectuales sobre las obras literarias y artísticas |
| 300 | |a 3 v | ||
| 942 | |c BK | ||
| 945 | |d 19970404 00:00:00 |a lriquelm | ||
| 260 | |a Buenos Aires |b Guillermo Kraft |c 1948 | ||
| 650 | 0 | |a Derecho de autor |9 332641 | |
| 650 | 7 | |a LEGISLACION |2 CL-VaPUC |9 382277 | |
| 650 | 7 | |a PROPIEDAD ARTISTICA |2 CL-VaPUC |9 382148 | |
| 650 | 7 | |a PROPIEDAD LITERARIA |2 CL-VaPUC |9 350286 | |
| 650 | 0 | |a Ética |9 255099 | |
| 650 | 7 | |a DERECHO PENAL |2 CL-VaPUC |9 11 | |
| 650 | 7 | |a RESTRICCIONES LEGALES |2 CL-VaPUC |9 382278 | |
| 650 | 7 | |a PROTECCION PENAL |2 CL-VaPUC |9 382279 | |
| 650 | 0 | |a Cinematografía |9 265198 | |
| 651 | 0 | |a Argentina |9 254888 | |
| 651 | 0 | |a Uruguay |9 255194 | |
| 583 | |a last modification |c 19970404 00:00:00 |k Rodrigo Vera | ||
| 999 | |c 257902 |d 257900 | ||
| 952 | |0 0 |1 0 |4 0 |6 346_048000000000000_MOU_1948 |7 0 |8 P |9 281615 |a BIBDER |b BIBDER |d 2019-11-19 |h v.2 |i 1822446 |o 346.048 MOU 1948 |p 1822446 |r 2023-01-25 |w 2019-11-19 |y BK |k DER | ||
| 952 | |0 0 |1 0 |4 0 |6 346_048000000000000_MOU_1948 |7 0 |8 P |9 281616 |a BIBDER |b BIBDER |d 2019-11-19 |h v.3 |i 1822454 |o 346.048 MOU 1948 |p 1822454 |r 2023-01-25 |w 2019-11-19 |y BK |k DER | ||
| 952 | |0 0 |1 0 |4 0 |6 346_048000000000000_MOU_1948 |7 0 |8 P |9 281617 |a BIBDER |b BIBDER |d 2019-11-19 |h v.1 |i 1822438 |o 346.048 MOU 1948 |p 1822438 |r 2023-01-25 |w 2019-11-19 |y BK |k DER | ||